Otorrinolaringología quirúrgica : (Registro nro. 2695)
[ vista simple ]
| 000 -LEADER | |
|---|---|
| campo de control de longitud fija | 00864nam a22002657a 4500 |
| 001 - NÚMERO DE CONTROL | |
| campo de control | 2695 |
| 003 - IDENTIFICADOR DE NÚMERO DE CONTROL | |
| campo de control | HMS |
| 005 - FECHA Y HORA DE LA ÚLTIMA TRANSACCIÓN | |
| campo de control | 20250822115523.0 |
| 008 - DATOS DE LONGITUD FIJA--INFORMACIÓN GENERAL | |
| campo de control de longitud fija | 250822b spaao||frnout 001 0 spa |
| 020 ## - NÚMERO INTERNACIONAL ESTÁNDAR DEL LIBRO | |
| Número Internacional Estándar del Libro | 9788480866958 |
| 020 ## - NÚMERO INTERNACIONAL ESTÁNDAR DEL LIBRO | |
| Número Internacional Estándar del Libro | 9781416024453 |
| 020 ## - NÚMERO INTERNACIONAL ESTÁNDAR DEL LIBRO | |
| Número Internacional Estándar del Libro | 9788480866972 |
| 040 ## - FUENTE DE CATALOGACIÓN | |
| Centro catalogador/agencia de origen | hms |
| Lengua de catalogación | spa |
| Centro/agencia transcriptor | hms |
| 050 04 - SIGNATURA TOPOGRÁFICA DE LA BIBLIOTECA DEL CONGRESO | |
| Número de clasificación | WV168 |
| Número de ítem | M996 |
| 245 00 - MENCIÓN DEL TÍTULO | |
| Título | Otorrinolaringología quirúrgica : |
| Resto del título | cirugia de cabeza y cuello / |
| Mención de responsabilidad, etc. | Editor, Eugene N. Myers |
| Medio | [libro] |
| Número de parte o sección de la obra | volumen 1 |
| 250 ## - MENCION DE EDICION | |
| Mención de edición | 2ª edición |
| 260 ## - PUBLICACIÓN, DISTRIBUCIÓN, ETC. | |
| Lugar de publicación, distribución, etc. | Barcelona, España : |
| Nombre del editor, distribuidor, etc. | Elsevier Saunders, |
| Fecha de publicación, distribución, etc. | 2010 |
| 300 ## - DESCRIPCIÓN FÍSICA | |
| Extensión | vol., xviv, 718 páginas : |
| Otras características físicas | ilustraciones ; |
| Dimensiones | 28 cm |
| 490 1# - MENCIÓN DE SERIE | |
| Mención de serie | Expert Consult. |
| 500 ## - NOTA GENERAL | |
| Nota general | Incluye índice |
| 504 ## - NOTA DE BIBLIOGRAFÍA, ETC. | |
| Nota de bibliografía, etc. | Incluye bibliografías |
| 650 #7 - PUNTO DE ACCESO ADICIONAL DE MATERIA--TÉRMINO DE MATERIA | |
| Término de materia o nombre geográfico como elemento de entrada | OPERATORIA OTORRINOLARINGOLOGIA |
| 9 (RLIN) | 4039 |
| 650 #7 - PUNTO DE ACCESO ADICIONAL DE MATERIA--TÉRMINO DE MATERIA | |
| Término de materia o nombre geográfico como elemento de entrada | ENFERMEDADES OTORRINOLARINGOLOGICAS |
| Subdivisión general | Cirugía |
| 9 (RLIN) | 4040 |
| 942 ## - ELEMENTOS DE ENTRADA SECUNDARIOS (KOHA) | |
| Fuente del sistema de clasificación o colocación | Clasificación de Library of Congress |
| Tipo de ítem Koha | Colección Médica |
| Suprimir en OPAC | No |
| Estatus retirado | Estado de pérdida | Fuente del sistema de clasificación o colocación | Estado de daño | No para préstamo | Colección | Biblioteca de origen | Biblioteca actual | Ubicación en estantería | Fecha de adquisición | Número de inventario | Total de préstamos | Signatura topográfica completa | Código de barras | Visto por última vez | Copia número | Precio de reemplazo | Tipo de ítem Koha |
|---|---|---|---|---|---|---|---|---|---|---|---|---|---|---|---|---|---|
| Clasificación de Library of Congress | Colección Reserva | Biblioteca Hospital Militar de Santiago | Biblioteca Hospital Militar de Santiago | Full Space | 09/08/2011 | 001323 | WV168 M996 2ªed 2010 v.1 | 001323 | 22/08/2025 | c.1 | 22/08/2025 | Colección Médica |
